• 首页
  • 本馆介绍
  • 公告通知
  • 最新文献
  • 馆藏检索
  • 电子资源
  • 读者荐购
  • 参考咨询
  • CALIS
  • 我的图书馆
  • 登录
  • 详细信息显示
  • 放入我的书架
  • 预约/预借图书
  • 作者相关作品
  • 分类相关作品
  • 丛书相关作品
  • 出版社相关作品

书目信息

  • 表格格式
  • 工作单格式
  • 卡片格式
题名:
沧海明珠一捧泪
    
 
作者: 王开林 著
分册:  
出版信息: 北京   京华出版社  2006.06
页数: 218页
开本: 23cm
丛书名: 历史文化大散文系列
单 册:
中图分类: I267
科图分类:
主题词: 散文--san wen--中国--现代--选集
电子资源:
ISBN: 7-80724-213-2
 
 
 
 
 
000 00823nam 2200253 450
001 012009429937
005 20091225175456.56
010    @a7-80724-213-2@dCNY26.00
100    @a20060926d2006 km y0chiy0120 ea
101 0  @achi
102    @aCN@b110000
105    @ay z 000cy
106    @ar
200 1  @a沧海明珠一捧泪@Acang hai ming zhu yi peng lei@f王开林著@Fwang kai lin zhu
210    @a北京@c京华出版社@d2006.06
215    @a218页@d23cm
225 2  @a历史文化大散文系列@Ali shi wen hua da san wen xi lie
330    @a本书是一本散文作品集,包括:休言女子非英物、三副热泪、风华绝代、临水照花等。
410  0 @12001 @a历史文化大散文系列
606 0  @a散文@Asan wen@y中国@z现代@j选集
690    @aI267@v4
701  0 @a王开林@Awang kai lin@4著
801  0 @aCN@bQSSK@c20091225
905    @b768470-72@dI267@eW243@f3
    
    沧海明珠一捧泪/王开林著.-北京:京华出版社,2006.06
    218页;23cm.-(历史文化大散文系列)
    
    
    ISBN 7-80724-213-2:CNY26.00
    本书是一本散文作品集,包括:休言女子非英物、三副热泪、风华绝代、临水照花等。
●
相关链接 在E读中查询图书 在当当中查询图书 在豆瓣中查询图书


正题名:沧海明珠一捧泪     索取号:I267/W243         预约/预借

序号 登录号 条形码 馆藏地/架位号 状态 备注
1 768470   207684709   文学库116/116文学库 7排1列1层/ [索取号:I267/W243] 在馆    
2 768471   207684718   社科二线422/422社科库 25排1列3层/ [索取号:I267/W243] 在馆    
3 768472   207684727   社科二线422/422社科库 1排1列1层/ [索取号:I267/W243] 在馆    
河南城建学院图书馆 欢迎您!
大连网信软件有限公司© 版权所有